FIFA Puskás Award - Statistics

General Stats
  • This quiz has been taken 302 times
    273 since last reset
  • The average score is 11 of 31
Answer Stats
2009 Rank Player Team Opponent Score Competition Vote percentage % Correct
2009 1st Cristiano Ronaldo Manchester United Porto 1–0 2008–09 UEFA Champions League 70.68%
98%
2018 2nd Cristiano Ronaldo Real Madrid Juventus 3-0 2017–18 UEFA Champions League 22%
98%
2015 2nd Lionel Messi Barcelona Athletic Bilbao 1–0 2014–15 Copa del Rey 33.3%
85%
2019 2nd Lionel Messi Barcelona Real Betis 4-1 2018–19 La Liga N/A
85%
2011 1st Neymar Santos Flamengo 4–5 2011 Campeonato Brasileiro Série A N/A
78%
2012 3rd Neymar Santos Internacional 3–1 2012 Copa Libertadores 7%
78%
2013 3rd Neymar Brazil Japan 1–0 2013 FIFA Confederations Cup 20.5%
78%
2018 1st Mohamed Salah Liverpool Everton 1-0 2017–18 Premier League 38%
76%
2013 1st Zlatan Ibrahimović Sweden England 4–2 Friendly 48.7%
69%
2017 1st Olivier Giroud Arsenal Crystal Palace 1–0 2016–17 Premier League 36.17%
62%
2014 1st James Rodríguez Colombia Uruguay 2–0 2014 FIFA World Cup 42%
60%
2009 2nd Andrés Iniesta Barcelona Chelsea 1–1 2008–09 UEFA Champions League 15.64%
52%
2014 3rd Robin van Persie Netherlands Spain 5–1 2014 FIFA World Cup 11%
49%
2016 3rd Daniuska Rodríguez Venezuela Colombia 1–0 2016 South American U-17 Women's Championship 10.01%
25%
2010 3rd Giovanni van Bronckhorst Netherlands Uruguay 1–0 2010 FIFA World Cup 10.61%
21%
2012 2nd Radamel Falcao Atlético Madrid América de Cali 2–1 Friendly 15%
20%
2015 3rd Alessandro Florenzi Roma Barcelona 1–1 2015–16 UEFA Champions League 7.1%
18%
2010 1st Hamit Altıntop Turkey Kazakhstan 2–0 UEFA Euro 2012 qualifier 40.55%
18%
2015 1st Wendell Lira Goianésia Atlético Goianiense 1–0 2015 Campeonato Goiano 46.7%
12%
2016 1st Mohd Faiz Subri Penang Pahang 4–1 2016 Malaysia Super League 59.46%
11%
2009 3rd Grafite Wolfsburg Bayern Munich 5–1 2008–09 Bundesliga 13.39%
10%
2012 1st Miroslav Stoch Fenerbahçe Gençlerbirliği 1–0 2011–12 Süper Lig 78%
9%
2013 2nd Nemanja Matić Benfica Porto 2–2 2012–13 Primeira Liga 30.8%
6%
2018 3rd Giorgian De Arrascaeta Cruzeiro América Mineiro 1-0 2018 Campeonato Mineiro 17%
5%
2017 2nd Oscarine Masuluke Baroka Orlando Pirates 1–1 2016–17 South African Premier Division 27.48%
4%
2019 1st Dániel Zsóri Debrecen Ferencváros 2-1 2018–19 Nemzeti Bajnokság I N/A
3%
2010 2nd Linus Hallenius Hammarby IF Syrianska FC 2–0 2010 Superettan 13.23%
3%
2016 2nd Marlone Corinthians Cobresal 3–0 2016 Copa Libertadores 22.86%
3%
2014 2nd Stephanie Roche Peamount United Wexford Youths 2–0 2013–14 Irish Women's National League 33%
3%
2017 3rd Deyna Castellanos Venezuela Cameroon 2–1 2016 FIFA U-17 Women's World Cup 20.47%
2%
2019 3rd Juan Fernando Quintero River Plate Racing 1-0 2018–19 Argentine Primera División N/A
0%
No matching quizzes found
Score Distribution
Percent of People with Each Score
Percentile by Number Answered
Your Score History
You have not taken this quiz since the last reset